header

Fatal women of Romanticism (Record no. 42527)

MARC details
000 -LEADER
fixed length control field 01555nam a2200373 a 4500
082 04 - DEWEY DECIMAL CLASSIFICATION NUMBER
Classification number 820.9/352042
100 1# - MAIN ENTRY--AUTHOR NAME
Personal name Craciun, Adriana,
245 10 - TITLE STATEMENT
Title Fatal women of Romanticism
260 ## - PUBLICATION, DISTRIBUTION, ETC. (IMPRINT)
Place of publication Cambridge, UK ;
-- New York :
Name of publisher Cambridge University Press,
Year of publication 2003.
300 ## - PHYSICAL DESCRIPTION
Number of Pages xviii, 328 p. :
Other physical details ill.
490 1# - SERIES STATEMENT
Series statement Cambridge studies in Romanticism ;
650 #0 - SUBJECT ADDED ENTRY--TOPICAL TERM
Topical Term English literature
Topical Term Women and literature
Topical Term English literature
Topical Term Femmes fatales in literature.
Topical Term Romanticism
Topical Term Women in literature.
856 40 - ELECTRONIC LOCATION AND ACCESS
Uniform Resource Identifier http://site.ebrary.com/lib/rucke/Doc?id=10069879

No items available.

© 2026 Rongo University
Contact us: librarian | system librarian | Rongo university